Obálka Náhled e-knihy:
PDF Epub
Pro půjčování e-knih musíte být přihlášeni.
Jak si půjčit online?

Zákon smečky : soumrak. Poslední bitva /

Závěr fantasy podsérie. Stejní hrdinové, nová dobrodružství.

Uloženo v:
Série:Zákon smečky - Soumrak, část 6
Hlavní autor: Hunter, Erin (Autor)
Další autoři: Čuchna, Matěj (Autor)
Médium: E-kniha
Jazyk:Czech
Vydáno: V Praze : Albatros, 2020
Vydání:1. vydání
Témata:
Příbuzné jednotky:Z cyklu:: Zákon smečky - Soumrak
Tagy:
Žádné tagy
LEADER 02601cam a2200529 i 4500
001 311353
003 CZ PrSKC
005 20260601215704.0
007 ta
008 200727s2020 xr a c 000 f cze d
015 |a cnb003240751 
020 |a 9788000058498  |q (brožováno) :  |c Kč 199,00 
035 |a (OCoLC)1200256111 
040 |a CBA001  |b cze  |d BOA001  |d OLA001  |d ABA001  |e rda 
041 1 |a cze  |h eng 
072 7 |a 821.111-3  |x Anglická próza, anglicky psaná  |2 Konspekt 
072 7 |a 821-93  |x Literatura pro děti a mládež (beletrie)  |2 Konspekt 
080 |a 821.111-31  |2 MRF 
080 |a 821-93  |2 MRF 
080 |a (0:82-311.3)  |2 MRF 
100 1 |a Hunter, Erin  |7 mzk2006363422  |4 aut 
240 1 0 |a Final battle.  |l Česky 
245 1 0 |a Zákon smečky :  |b soumrak.  |p Poslední bitva /  |c Erin Hunterová ; přeložil Matěj Čuchna 
246 3 0 |a Poslední bitva 
250 |a 1. vydání 
264 1 |a V Praze :  |b Albatros,  |c 2020 
300 |a 252 stran :  |b ilustrace ;  |c 21 cm 
336 |a text  |b txt  |2 rdacontent 
337 |a bez média  |b n  |2 rdamedia 
338 |a svazek  |b nc  |2 rdacarrier 
500 |a Přeloženo z angličtiny 
520 2 |a Závěr fantasy podsérie. Stejní hrdinové, nová dobrodružství.  |b Bouře konečně zjistila, kdo stál za veškerým zlem, které potkalo její bývalou smečku. Jakmile se však vrátila z vyhnanství, vběhla rovnou do připravené pasti. Nyní je zajatkyní v táboře Divoké smečky a dochází jí čas. Bouře má poslední šanci zachránit své přátele... a zastavit zrádkyni dříve, než naplní svůj šílený plán. Nakladatelská anotace. 
521 8 |a Pro čtenáře od 9 let 
655 7 |a anglické romány  |7 fd131814  |2 czenas 
655 7 |a dobrodružné romány  |7 fd132061  |2 czenas 
655 7 |a publikace pro děti  |7 fd133156  |2 czenas 
655 9 |a English fiction  |2 eczenas 
655 9 |a adventure novels  |2 eczenas 
655 9 |a children's literature  |2 eczenas 
700 1 |a Čuchna, Matěj  |7 pag2008464229  |4 trl 
787 0 8 |i Z cyklu:  |t Zákon smečky - Soumrak  |g 6 
900 |a ABA001  |b 21 
928 9 |a Albatros Media - Albatros 
044 |a xr 
910 |a RBIT002 
998 |d 326711  |a https://core.palmknihy.cz/api/books/326711/cover?s9bha2  |b https://core.palmknihy.cz/api/books/326711/cover/400?s9bha2  |c https://core.palmknihy.cz/api/books/326711/cover/50?s9bha2  |e 2029-04-11  |g 256  |i 9788000058498  |j https://core.palmknihy.cz/api/books/326711/preview.epub  |k https://core.palmknihy.cz/api/books/326711/preview.pdf  |l   |q 49  |r 1  |s https://www.palmknihy.cz/kniha/326711  |t ebook  |y 2021  |z 0  |v Zákon smečky: Soumrak  |w 6 
999 |d 311351